| 000 | 00967cam a22003135a 4500 | ||
|---|---|---|---|
| 001 | 3297493 | ||
| 005 | 20150811120139.0 | ||
| 008 | 831230s2008 nyua frb 000 0 eng | ||
| 020 | _a9780071259354 | ||
| 040 |
_aDLC _beng _cDLC _dEG-ScBUE |
||
| 050 | 0 | 0 |
_aHF5415.3 _b.C723 1984 |
| 082 | 0 | 4 |
_a658.8342 _bPET _222 |
| 100 | 1 |
_aPeter, J. Paul. _919372 |
|
| 245 | 1 | 0 |
_aConsumer behavior and marketing strategy / _cJ. Paul Peter, Jerry C. Olson. |
| 250 | _a8th ed., International ed. | ||
| 260 |
_aNew York : _bMcGraw Hill, _cc.2008. |
||
| 300 |
_axxi, 555 p. : _bill., photos ; _c24 cm. |
||
| 500 | _aGlossary: p. 529-540. | ||
| 500 | _aIncludes indexes. | ||
| 504 | _aBibliography : p. 499-528. | ||
| 590 | _aMenna Elemam | ||
| 650 | 0 |
_aMarketing. _2BUEsh |
|
| 650 | 0 |
_aConsumer behavior _2BUEsh |
|
| 651 | _2BUEsh | ||
| 653 |
_bBUSADM _cAugust2015 |
||
| 655 |
_vreading book _934232 |
||
| 700 | 1 |
_aOlson, Jerry C., _eauthor. |
|
| 942 |
_2ddc _cBB _m658.8342 PET |
||
| 999 |
_c10988 _d10988 |
||